000 00391nam a22001697a 4500
003 MPLRDC
005 20220104124539.0
008 210129b ||||| |||| 00| 0 eng d
082 _a859.6 ETWX v.1
100 _a不详
245 _a沙漠之旅
_c
260 _a
_b泛亚有限公司
_c1988
300 _b
490 _a儿童文学丛书
650 _a
942 _cBK
_o859.6 ETWX v.1
999 _c20212
_d20202